000 00359cam a22001337a 4500
008 180718b1957 xxu||||| |||| 00| 0 eng d
082 _aZ4 R162
100 _aRanga, N. G.
245 _aCredo of world peasantry
_cby N. G. Ranga
260 _aAndhra
_bIndian Peasants' Institute
_c1957
300 _a503p
650 _a(Written off)
650 _aWorld peasantry
999 _c427024
_d427024